00499nam a2200193Ia 4500003000900000008004100009020001800050040001600068080001500084100001700099245003900116260003000155300001400185490004000199650002000239650001600259650001100275650001900286IN-BaIIA211028s9999 xx 000 0 eng d a0-85274-160-X cIIA Library a535.8bPAL aPalmer, J. M 0aLens aberration datacJ. M. Palmer aLondonbAdam Hilgerc1971 axi, 118p. aMonographs on applied optics; no. 1 aLens aberration aLens design aLenses aNASA thesaurus